Migraciones y derechos humanos (Registro nro. 28334)

Detalles MARC
000 -LEADER
fixed length control field 00320 a2200109 4500
001 - CONTROL NUMBER
control field ART_34689
005 - DATE AND TIME OF LATEST TRANSACTION
control field 20260410161928.0
008 - FIXED-LENGTH DATA ELEMENTS--GENERAL INFORMATION
fixed length control field 260409a
100 1# - MAIN ENTRY--PERSONAL NAME
Personal name Ceriani Cernadas, Pablo
245 10 - TITLE STATEMENT
Title Migraciones y derechos humanos
773 0# - HOST ITEM ENTRY
Title Derechos humanos
Related parts - Año III, Nº 7 (sep. 2015)
Record control number REV22278

No hay ítems disponibles.